00840nam a22001695i 4500001000700000003000900007005001700016008004100033040003000074100004200104245017700146260008400323300002100407650004200428710006100470852013900531162704ES-MaACL20230906212601.0990903s1894 sp |||| | spa d aCCPB | B bspa cCCPB | B1 aPuig-Samper y de Maynar, Federico de.10aCostumbres jurídico-catalanas b: La Pubilla : conferencia dada en la Academia de Jurisprudencia y Legislación de Barcelona / cpor Federico de Puig-Samper y de Maynar. aBarcelona : b[s.n.], c1894 (fEstablecimiento Tipográfico de Jaime Jepús) a31 p. ; c26 cm.04aDerecho consuetudinario-zCataluña.0 aAcademia de Jurisprudencia y Legislación de Barcelona. aES-MaACLjT-820-F-6 z-- Enc. hol., conservando la enc. original z-- Ded. del autor al Ateneo de Madrid z-- Enc. en un vol. facticio